Lataa...

Indian foreign policy: annual survey 1974

Bibliografiset tiedot
Päätekijä: Sharma, Shri Ram
Aineistotyyppi: Printed Book
Kieli:English
Julkaistu: New Delhi, Sterling publishers 1974
Aiheet:
LEADER 005000000a22001690004500
041 |a eng 
082 |a 327.54 L4 
100 |a Sharma, Shri Ram 
245 |a Indian foreign policy: annual survey 1974 
260 |a New Delhi, Sterling publishers 
260 |c 1974 
650 |a Annual survey 
650 |a Foreign policy 
650 |a India 
942 |c BK 
999 |c 138753  |d 138749 
952 |0 0  |1 0  |4 0  |6 327_540000000000000_L4  |7 0  |9 137535  |a SIRP  |b SIRP  |d 2017-10-05  |l 0  |o 327.54 L4  |p SIRP00185  |r 2017-10-05  |w 2017-10-05  |y BK